| 000 | 01349nam a2200325Ia 4500 | ||
|---|---|---|---|
| 001 | ebr10091274 | ||
| 003 | CaPaEBR | ||
| 006 | m u | ||
| 007 | cr cn||||||||| | ||
| 008 | 050624s2005 dcu sb i000 0 eng d | ||
| 010 | _z 2005051256 | ||
| 020 | _z0821363581 | ||
| 040 |
_aCaPaEBR _cCaPaEBR |
||
| 035 | _a(OCoLC)232157267 | ||
| 050 | 1 | 4 |
_aHE8635 _b.F56 2005eb |
| 082 | 0 | 4 |
_a384/.09172/4 _222 |
| 245 | 0 | 0 |
_aFinancing information and communication infrastructure needs in the developing world _h[electronic resource] : _bpublic and private roles. |
| 260 |
_aWashington, DC : _bWorld Bank, _c2005. |
||
| 300 | _axv, 37 p. | ||
| 490 | 1 |
_aWorld Bank working paper ; _vno. 65 |
|
| 504 | _aIncludes bibliographical references. | ||
| 533 |
_aElectronic reproduction. _bPalo Alto, Calif. : _cebrary, _d2009. _nAvailable via World Wide Web. _nAccess may be limited to ebrary affiliated libraries. |
||
| 650 | 0 |
_aTelecommunication policy _zDeveloping countries. |
|
| 650 | 0 |
_aTelecommunication _xDeregulation _zDeveloping countries. |
|
| 650 | 0 |
_aPrivatization _zDeveloping countries. |
|
| 655 | 7 |
_aElectronic books. _2local |
|
| 710 | 2 | _aebrary, Inc. | |
| 830 | 0 |
_aWorld Bank working paper ; _vno. 65. |
|
| 856 | 4 | 0 |
_uhttp://site.ebrary.com/lib/rucke/Doc?id=10091274 _zAn electronic book accessible through the World Wide Web; click to view |
| 999 |
_c53237 _d53237 |
||